000 00513nam a2200193Ia 4500
003 OSt
005 20230403095001.0
008 210423s2007 xx 000 0 und d
040 _cAL
041 _aeng
082 _a658.4034
_223
_b SHAJ
100 _aSHARMA (J K).
_982144
245 _aOperations research: problems and solutions.
260 _aNew Delhi
_bMacmillan India Ltd
_c2007
300 _a902
365 _b325
_cINR
906 _aOperations ; problems ; research: ; solutions.
942 _2ddc
_cBK
999 _c156801
_d156801